| 000 | 01073nam a2200277 a 4500 | ||
|---|---|---|---|
| 001 | BRCA_9091 | ||
| 003 | FranzMayer | ||
| 005 | 20230726111028.0 | ||
| 008 | 021017s1776----sp-#######---#000-0#lat-# | ||
| 040 |
_aMFM _besp _cMFM |
||
| 041 | _alat | ||
| 044 | _asp | ||
| 050 | 4 |
_aDCON4 _bP47 1776 |
|
| 082 | _2KJA2012 | ||
| 100 | 1 |
_aPerezii J. C., Antonii _922467 |
|
| 245 | 1 | 0 | _aAntonii Perezii J.C. S.C. & R. Majest. Consiliarii, in Academia Lovaniensi juris civilis antecessoris, institutiones imperiales erotematibus, distinctae, atque ex ipsis principiis regulisque juris, passim insertis, explicatae. |
| 260 |
_aMatriti _bApud Michaëlem Escribano _c1776 |
||
| 300 |
_a618 p. _c16.3 x 10.5 cm. |
||
| 500 | _aEn portada : Post varias editiones externas denuó revisa et ä mendis purgata ad Exemplar originalis Lovaniensis | ||
| 500 | _aEstado físico : presenta encuadernación en pergamino con cintas rotas | ||
| 500 | _aSuperiorum permissu | ||
| 500 | _aNúmero de control : 00006 | ||
| 650 | 1 | 4 |
_aIglesia católica _915525 |
| 902 | _aDCON | ||
| 942 |
_2lcc _cB |
||
| 999 |
_c8741 _d8741 |
||